Normal view
MARC view
- جرادات،عبد الناصر/لبنان هاتف الشامي
Entry Personal Name
001 - CONTROL NUMBER
- control field: 27309
003 - CONTROL NUMBER IDENTIFIER
- control field: JO-AjAnu
005 - DATE AND TIME OF LATEST TRANSACTION
- control field: 20230606074636.0
008 - FIXED-LENGTH DATA ELEMENTS
- fixed length control field: 230606|| aca||aabn | a|a d
040 ## - CATALOGING SOURCE
- Original cataloging agency: JO-AjAnu
- Transcribing agency: JO-AjAnu
100 ## - HEADING--PERSONAL NAME
- Personal name: جرادات،عبد الناصر/لبنان هاتف الشامي
670 ## - SOURCE DATA FOUND
- Source citation: Work cat.: (JO-AjAnu)14026: جرادات،عبد الناصر/لبنان هاتف الشامي, author, اسس العلاقات العامة بين النظرية والتطبيق